000 00987nabaa22002057a 4500
999 _c6145
_d6145
003 OSt
005 20260123190237.0
008 190701b xxu||||| |||| 00| 0 spa d
040 _cPJ
100 _96899
_aGarin, Andrés
245 1 3 _aIntervención del Estado en el mercado de capitales a la luz del principio de subsidiariedad /
_cAndrés Garin.
300 _ap. 30-56
500 _aCita: TR LALEY AR/DOC/2573/2023
505 _aSumario: I. Introducción.— II. Capítulo I. El mercado de capitales.— III. Capítulo II. La intervención estatal.— IV. Capítulo III. La intervención en el mercado de capitales.— V. Palabras finales.
505 _t¿Te interesa el texto completo? Comunicate al correo: koha@justierradelfuego.gov.ar
650 0 _9211
_aDERECHO ADMINISTRATIVO
650 0 _9293
_aMERCADO DE CAPITALES
773 0 _02842
_93251
_dBuenos Aires : AbeledoPerrot, 2012-
_oDA121
_tDerecho administrativo. Nº 150 noviembre/diciembre 2023
_z18510590
942 _2udc
_cANA